Former Letters of the English Alphabet - Statistics

General Stats
  • This quiz has been taken 18 times
  • The average score is 2 of 6
Answer Stats
Answer % Correct
eth (ð)
83%
thorn (þ)
33%
ash (æ)
17%
wynn (ƿ)
17%
ethel (œ)
0%
yogh (ȝ)
0%
No matching quizzes found
Score Distribution
Percent of People with Each Score
Percentile by Number Answered
Your Score History
You have not taken this quiz